| 000 | 00879nam a2200217Ia 4500 | ||
|---|---|---|---|
| 999 |
_c54576 _d54576 |
||
| 001 | 21642 | ||
| 003 | GE_BSU | ||
| 005 | 20211209180218.0 | ||
| 008 | 181216s ||||ge |||||||||||||| ||geo|| | ||
| 040 | _cGE_BSU | ||
| 041 | _ageo | ||
| 080 | _a81.374(038)'73 ო-52 | ||
| 100 |
_aორბელიანი, სულხან-საბა _913254 |
||
| 245 |
_aქართული ლექსიკონი / _cსულხან-საბა ორბელიანი ; იოსებ ყიფშიძისა და აკაკი შანიძის რედაქციით. |
||
| 264 |
_aტფილისი : _bქართული წიგნი, _c1928. |
||
| 300 |
_a480 გვ. ; _c18 სმ. |
||
| 541 | _h6 ლ. | ||
| 653 | _aქართული ენა | ||
| 653 | _aქართული ლექსიკონი | ||
| 942 |
_cBK _2udc |
||